000 00501nmm a2200169Ia 4500
008 251105s9999||||xx |||||||||||||||||und||
020 _a9788497425865
041 _aspa
100 _aGarcía Santesmases, Antonio
245 0 _aLaicismo, agnosticismo y fundamentalismo
264 _a[Madrid, España] :
_bBiblioteca Nueva,
_c2007
300 _a203 páginas
490 _aEnsayo Biblioteca Nueva
650 _aReligion(s)
856 _uhttps://public.digitaliapublishing.com/a/17464
942 _cCF
999 _c90302
_d90302